Zavádzanie systémov environmentálneho manažérstva v ZF Boge Elastmetall Slovakia a.s. Trnava : Bakalárska práca

Gespeichert in:
Bibliographische Detailangaben
Hauptverfasser: Tureková, Ivana, 1960- (xxx), Calík, Peter (Verfasst von)
Format: Manuskript Buch
Sprache:Slowakisch
Veröffentlicht: Trnava : STU v Bratislave MtF KEBI, 2004
Schlagworte:
Tags: Tag hinzufügen
Keine Tags, Fügen Sie das erste Tag hinzu!

MARC

LEADER 00000ntm a22000003a 4500
001 stu90503
005 20160719154636.8
008 040930s2004----xo------------------slo-d
040 |a STU  |b slo 
041 0 |a slo 
044 |a xo 
100 1 |a Tureková, Ivana,  |d 1960-  |4 xxx  |u M5000  |U MTF Materiálovotechnologická fakulta  |T MTF Ústav bezpečnosti, environmentu a kvality  |X 207  |U M5000  |Y 85  |7 A000000207 
245 1 |a Zavádzanie systémov environmentálneho manažérstva v ZF Boge Elastmetall Slovakia a.s. Trnava :  |b Bakalárska práca 
260 |a Trnava :  |b STU v Bratislave MtF KEBI,  |c 2004 
300 |a 45 s  |c 1 disketa 
650 7 |a inžinierstvo životného prostredia  |2 stusub 
650 7 |a environmentálny manažment  |2 stusub 
700 1 |a Calík, Peter  |4 aut 
996 |b 284M060473  |c M*BP-744  |l MMSKP  |s P  |a 0  |w stu90503_0001